Statistiques concernant Retrouvez tous les adversaires de l'équipe de France de Rugby à la Coupe du Monde de1987 à 2015

Cliquez ici pour prendre le quiz!

Statistiques générales

  • Ce quiz a été pris 192 fois
  • Le résultat moyen est 18 sur 20

Statistiques - réponses

Hint Answer % Correct
11Irlande
100%
8Angleterre
100%
6Nouvelle-Zélande
100%
Galles
99%
15Australie
99%
14Argentine
99%
12Afrique du sud
99%
1Ecosse
99%
5Australie
99%
10Tonga
96%
4Fidji
96%
Italie
96%
7Canada
94%
Japon
94%
Etats-Unis
91%
13Namibie
87%
Géorgie
85%
2Roumanie
84%
9Côte d'Ivoire
46%
3Zimbabwe
45%

Distribution des résultats

Percentile by Number Answered

% des personnes avec chaque résultat

Votre développement - résultats

Vous n’avez pas pris ce quiz